|
|
|
|
| LEADER |
01465nam a2200409 a 4500 |
| 001 |
001376936 |
| 003 |
CZ BrMZK |
| 005 |
20240612120038.0 |
| 007 |
ta |
| 008 |
140327s2010 sz c g 000 p roh |
| 020 |
|
|
|a 978-3-905956-01-6
|q (váz.)
|
| 035 |
|
|
|a (OCoLC)697620406
|
| 040 |
|
|
|a BOA001
|b cze
|
| 041 |
0 |
|
|a roh
|a ger
|
| 072 |
|
7 |
|a 821
|x Literatura v různých jazycích
|2 Konspekt
|9 25
|
| 080 |
|
|
|a 821.132(494)-1
|2 MRF
|
| 080 |
|
|
|a 821.112.2(494)-1
|2 MRF
|
| 080 |
|
|
|a (0:82-1)
|2 MRF
|
| 080 |
|
|
|a (0.027)=030
|2 MRF
|
| 100 |
1 |
|
|a Semadeni, Leta,
|d 1944-
|7 xx0172007
|4 aut
|
| 245 |
1 |
0 |
|a In mia vita da vuolp =
|b In meinem Leben als Fuchs /
|c Leta Semadeni
|
| 246 |
3 |
1 |
|a In meinem Leben als Fuchs
|
| 260 |
|
|
|a Cuira :
|b Chasa Editura Rumantscha,
|c c2010
|
| 300 |
|
|
|a 137 s. :
|b 1 portrét ;
|c 21 cm
|
| 490 |
1 |
|
|a Poesias =
|a Gedichte
|
| 546 |
|
|
|a Souběžný německý text
|
| 655 |
|
7 |
|a švýcarská poezie (rétorománsky)
|7 fd1228609
|2 czenas
|
| 655 |
|
7 |
|a švýcarská poezie (německy)
|7 fd183843
|2 czenas
|
| 655 |
|
7 |
|a dvojjazyčná vydání
|7 fd194533
|2 czenas
|
| 655 |
|
9 |
|a Swiss poetry (Raeto-Romance)
|2 eczenas
|
| 655 |
|
9 |
|a Swiss poetry (German)
|2 eczenas
|
| 655 |
|
9 |
|a bilingual editions
|2 eczenas
|
| 830 |
|
0 |
|a Poesias
|
| 910 |
|
|
|a BOA001
|b NK-0007.013
|
| 990 |
|
|
|a BK
|
| 991 |
|
|
|b 201405
|c NOV
|e b
|x 44
|
| 996 |
7 |
|
|b 261D009287
|c NK-0007.013
|d švýcarský regál
|l Německá knihovna/2.patro
|r ZHR
|n 0
|p dar
|h B-sem
|w 001412106
|u 000010
|a 0
|e BOA001
|j MZK50
|s A
|